Normal view
MARC view
- MS-Department of Human Resources & Management
Entry Topical Term
001 - CONTROL NUMBER
- control field: 126251
003 - CONTROL NUMBER IDENTIFIER
- control field: NUST
005 - DATE AND TIME OF LATEST TRANSACTION
- control field: 20241007124928.0
008 - FIXED-LENGTH DATA ELEMENTS
- fixed length control field: 241007|| aca||aabn | a|a d
040 ## - CATALOGING SOURCE
- Original cataloging agency: NUST
- Transcribing agency: NUST
150 ## - HEADING--TOPICAL TERM
- Topical term or geographic name entry element: MS-Department of Human Resources & Management
670 ## - SOURCE DATA FOUND
- Source citation: Work cat.: (NUST)607430: Riaz, Mavra 119916, IMPACT OF AGE DIVERSITY ON EMPLOYEE PERFORMANCE WITH THE MEDIATING INFLUENCE OF PERCEIVED AGE DISCRIMINATION CLIMATE/
